000 00506nam a2200181Ia 4500
003 LDD
008 181029s9999 xx 000 0 und d
020 _a8175200987
_c1000.00
040 _cLDD
245 0 _aEquivalence of foreing degrees
260 _aNew Delhi
_bAssocition of Indian Universities
_c2006
300 _ax, 607p.
365 _b1000.00
901 _a3792
_b05-02-2007
902 _aUBS7372
_b12-03-2007
_cF
_dUPPAL
_e0
903 _bReqst by : Jagajeevan, V.K.
942 _2ddc
_cBK
999 _c78401
_d78401